| 000 | 003220000a22001090004500 | ||
|---|---|---|---|
| 090 |
_aAR _b04507 |
||
| 100 | 1 |
_aMurcía , Carolina _94211 |
|
| 245 | 1 | 0 | _aVisitas a alimentadores vacios en un colibri territorial |
| 041 | 0 | _aEspañol | |
| 942 | _cARTICULO | ||
| 773 | 1 |
_tMemorias III Congreso Ornitología Neotropical _q87-89 _d1987 |
|
| 999 |
_c13606 _d13606 |
||